000
00393nam a22001697a 4500
003
MPLRDC
005
20220104143158.0
008
210129b ||||| |||| 00| 0 eng d
082
_a
477 LDF c.2
100
_a
林得发编著
245
_a
现代印刷设计
_c
260
_a
_b
文豪出版社
_c
300
_b
平
490
_a
现代美工丛书
650
_a
942
_c
BK
_o
477 LDF c.2
999
_c
37390
_d
37380